| 000 | 01147cad a22001935a 4500 | ||
|---|---|---|---|
| 001 | L154908 | ||
| 008 | 120131s2012 xxk f 000 0 eng d | ||
| 035 | _a(Sirsi) u154908 | ||
| 041 | 0 | _aeng | |
| 110 | 2 |
_aUnited Kingdom _bDepartment for Communities and Local Government _94939 |
|
| 245 | 0 | 0 |
_aProposed policy statement for Part 2 of the Localism Act 2011 _bconsultation _h[electronic resource] |
| 260 |
_aLondon _bDCLG _c2012 |
||
| 520 | _aConsultation is on a proposed policy statement for Part 2 of the Localism Act 2011. This is about incentivising public authorities to comply with European law, in order to avoid any financial sanctions. The proposed policy statement sets out a fair approach for the use of Part 2 and has been developed with the Local Government Association and the Greater London Authority. The closing date of the consultation is 22 April 2012. | ||
| 590 | _aKA NTK | ||
| 651 | 4 |
_aEngland and Wales _y1543- |
|
| 690 |
_aPlanning and development _96259 |
||
| 856 | 4 | 0 |
_uhttps://www.communities.gov.uk/documents/localgovernment/pdf/20750331.pdf _zView the consultation free of charge at www.communities.gov.uk |
| 942 | _n0 | ||
| 999 |
_c113228 _d113228 |
||